000 00495nam a22001817a 4500
003 CEME
005 20210628210208.0
008 210215b xxu||||| |||| 00| 0 eng d
020 _a81-7319-287-1
040 _c.
082 _a005.133-C++ DAL
100 _aWeems, Chip Headington, Mark Dale, Nell
_978465
245 _aProgramming in c ++
260 _aNEW DELHI
_bNAROSA PUBLISHING
_c1998
300 _a587P
650 _aC PLUS PLUS-COMPUTER PROGRAMME LANGUAGE
_978466
942 _cBK
_2ddc
999 _c583580
_d583580